NBA team quizzes Minnesota Timberwolves - Statistics

General Stats
  • This quiz has been taken 117 times
  • The average score is 11 of 13
Answer Stats
Hint Answer % Correct
scoring leader Kevin Garnett
96%
when was their most recent ring (say never if they have no rings) never
96%
rebounds leader Kevin Garnett
95%
how many rings do they have 0
94%
how many finals appearances do they have 0
94%
how many jerseys have they retired (if you include KG) 2
94%
blocks leader Kevin Garnett
91%
assists leader Kevin Garnett
85%
steals leader Kevin Garnett
85%
what number did KAT wear 32
79%
what number did KG wear 21
72%
what year did the T-Wolves join the NBA 1989
67%
who was the most recent jersey retirement Malik Sealy
36%
No matching quizzes found
Score Distribution
Percent of People with Each Score
Percentile by Number Answered
Your Score History
You have not taken this quiz